书目信息 |
| 题名: |
微计算机在无线电测量中的应用
|
|
| 作者: | 赵永界 编 | |
| 分册: | ||
| 出版信息: | 北京 电子工业出版社 1984 |
|
| 页数: | 235页 | |
| 开本: | 21cm | |
| 丛书名: | 微计算机应用技术丛书 | |
| 单 册: | ||
| 中图分类: | P225.1 , TM93 | |
| 科图分类: | ||
| 主题词: | 微型计算机-计算机应用-电磁波测距 , 计算机应用-微型计算机-电磁波测距 , 电磁波测距-计算机应用-微型计算机 , 电气测量 , 电工仪表 | |
| 电子资源: | ||
| ISBN: | ||
| 000 | 00944nam2 2200325 45 | |
| 001 | 0184016121 | |
| 005 | 20040521081630.9 | |
| 010 | @dCNY1.90 | |
| 091 | @a15290.68 | |
| 100 | @a19950510d1984 em y0chiy0121 ea | |
| 101 | 0 | @achi |
| 102 | @aCN@b110000 | |
| 105 | @ay z 000yy | |
| 106 | @ar | |
| 200 | 10 | @a微计算机在无线电测量中的应用@Awei ji suan ji zai wu xian dian ce liang zhong de ying yong@f赵永界编 |
| 210 | @a北京@c电子工业出版社@d1984 | |
| 215 | @a235页@d21cm | |
| 225 | 2 | @a微计算机应用技术丛书 |
| 410 | 0 | @120010@a微计算机应用技术丛书 |
| 606 | @a微型计算机-计算机应用-电磁波测距 | |
| 606 | @a计算机应用-微型计算机-电磁波测距 | |
| 606 | @a电磁波测距-计算机应用-微型计算机 | |
| 606 | 0 | @a电气测量 |
| 606 | 0 | @a电工仪表 |
| 690 | @aP225.1@v3 | |
| 690 | @aTM93 | |
| 701 | 0 | @a赵永界@Azhao yong jie@4编 |
| 801 | 0 | @aCN@b上海图书馆@c20040521 |
| 801 | 2 | @aCN@bNLC@c20040521 |
| 905 | @f2@b140967-968@dTM93@e40 | |
| 微计算机在无线电测量中的应用/赵永界编.-北京:电子工业出版社,1984 |
| 235页;21cm.-(微计算机应用技术丛书) |
| ISBN :CNY1.90 |
| ● |
| 相关链接 |
|
|
|
|
正题名:微计算机在无线电测量中的应用
索取号:TM93/40
 
预约/预借
| 序号 | 登录号 | 条形码 | 馆藏地/架位号 | 状态 | 备注 |
| 1 | 0140967 | 001346939 | 第三借阅区/ [索取号:TM93/40] | 在馆 | |
| 2 | 0140968 | 001347849 | 密集书库/ [索取号:TM93/40] | 在馆 | |
| 3 | 0140969 | 001346895 | 第二样本阅览室/ [索取号:TM93/40] | 在馆 |